000 00817nam a2200241Ia 4500
003 OSt
005 20220930071458.0
006 a|||||r|||| 00| 0
007 ta
008 220926b |||||||| |||| 00| 0 eng d
024 _a13655
037 _cTheses
040 _aCRL
_cCRL
_beng
041 _2eng
_aeng
100 _aRoychowdhury Madhumita
_9528505
110 _aUniversity of Delhi. Faculty of Science. Department of Anthropology
_9144926
245 0 _aFactor VIII gene polymorphisms in Indian population and their clinical application (Supervisor
_b Prof. H.K. Kumbnani & Prof. I.C. Verma)
260 _c1997
650 _aANTHROPOLOGY
700 _aUniversity of Delhi. Faculty of Science. Department of Anthropology
_9144928
942 _cDIS
_2CC
999 _c862375
_d862375